Traite de l'art de la charpenterie (Record no. 114128)

MARC details
000 -LEADER
fixed length control field 00590cam a22001935a 4500
001 - CONTROL NUMBER
control field L156249
008 - FIXED-LENGTH DATA ELEMENTS--GENERAL INFORMATION
fixed length control field 120509s1843 xxk f 000 0 eng d
035 ## - SYSTEM CONTROL NUMBER
System control number (Sirsi) u156249
041 0# - LANGUAGE CODE
Language code of text/sound track or separate title eng
100 1# - MAIN ENTRY--PERSONAL NAME
Personal name Emy, Amand Rose
245 00 - TITLE STATEMENT
Title Traite de l'art de la charpenterie
260 ## - PUBLICATION, DISTRIBUTION, ETC.
Place of publication, distribution, etc. Liege
Name of publisher, distributor, etc. D. Avanzo & Co,
Date of publication, distribution, etc. 1843
300 ## - PHYSICAL DESCRIPTION
Extent 2 v.
Other physical details ill., tables
Dimensions 27 cm. + atlas (157 pl. ; 34 x 52 cm.)
520 ## - SUMMARY, ETC.
Summary, etc. Library holds volume of plates only.
583 0# - ACTION NOTE
Action Condition reviewed
Time/date of action 20120620
Status condition level 2
651 #4 - SUBJECT ADDED ENTRY--GEOGRAPHIC NAME
Geographic name France
690 ## - LOCAL SUBJECT ADDED ENTRY--TOPICAL TERM (OCLC, RLIN)
Topical term or geographic name as entry element Building materials and defects
942 ## - ADDED ENTRY ELEMENTS (KOHA)
Suppress in OPAC 0
Holdings
Withdrawn status Lost status Source of classification or shelving scheme Damaged status Not for loan Home library Current library Shelving location Date acquired Total Checkouts Full call number Barcode Date last seen Copy number Price effective from Koha item type
    Dewey Decimal Classification     Historic collection Historic collection Historic collection 09/05/2012   FOLIO 1843 EMY 30077605 06/08/2019 1 06/08/2019 Book